[Event "6th ch-PriFO Men"]
[Site "Kazan RUS"]
[Date "2008.01.30"]
[Round "8"]
[White "Orekhov,V"]
[Black "Toropov,P"]
[Result "1-0"]
[WhiteElo "2263"]
[BlackElo "2133"]

1.e4 c5 2.Nf3 Nc6 3.d4 cxd4 4.Nxd4 Nf6 5.Nc3 d6 6.Bg5 e6 7.Qd2 a6 8.O-O-O Bd7
9.f3 b5 10.Nxc6 Bxc6 11.Bd3 Be7 12.h4 O-O 13.g4 Rb8 14.Kb1 a5 15.Rhg1 Qc7
16.Bf4 Nd7 17.g5 Ne5 18.Rg3 a4 19.h5 b4 20.Ne2 b3 21.cxb3 axb3 22.a3 Nxd3
23.Qxd3 Bb5 24.Qc3 Qb7 25.Qd2 Bxe2 26.Qxe2 Rbc8 27.Rc1 Rxc1+ 28.Bxc1 Rc8
29.Rg1 Qc6 30.Qd3 Qc2+ 31.Qxc2 Rxc2 32.Rd1 Rc5 33.f4 f5 34.exf5 Rxf5 35.Rd3 e5
36.fxe5 dxe5 37.Rxb3 Bxg5 38.Bxg5 Rxg5 39.a4 Rf5 40.a5 Rf8 41.a6 Ra8 42.Rb6 Kf7
43.b4 g5 44.hxg6+ hxg6 45.Kc2 g5 46.Kd3 g4 47.Ke3 e4 48.b5 g3 49.Rh6 g2 50.Kf2 Rg8
51.Kg1 e3 52.Rh3 e2 53.Rf3+ Ke6 54.Re3+ Kd6 55.Rxe2 Kc5 56.Rxg2 Rf8 57.Rg5+ Kb6
58.Kg2 Rf4 59.Kg3 Rf7 60.Kg4 Rf8 61.Rf5 Re8 62.Kf4 Re7 63.Re5 Rh7 64.Kf5 Rh1
65.Ke6 Rd1 66.Rd5 Rh1 67.Kd7 Rh7+ 68.Kc8 Rh8+ 69.Rd8 Rh7 70.Kb8 Re7 71.Rh8 Rf7
72.Re8 Rh7 73.Rd8 Rg7 74.Rd6+ Kc5 75.b6 Rg8+ 76.Kb7 Rg7+ 77.Kc8 Kxd6 78.a7 Kc5
79.b7 Kc6 80.b8=N+ Kb6 81.a8=Q  1-0

[Event "Velammal 45th National A ch-IND"]
[Site "Chennai IND"]
[Date "2008.02.03"]
[Round "1"]
[White "Barua,D"]
[Black "Prathamesh,S"]
[Result "1-0"]
[WhiteElo "2491"]
[BlackElo "2371"]

1.e4 c5 2.Nf3 d6 3.d4 cxd4 4.Nxd4 Nf6 5.Nc3 Nc6 6.Bg5 e6 7.Qd2 a6 8.O-O-O Nxd4
9.Qxd4 Be7 10.f4 b5 11.Bxf6 gxf6 12.f5 Qa5 13.Kb1 Bb7 14.a3 Rg8 15.fxe6 fxe6
16.Be2 Rg5 17.Rd3 O-O-O 18.Rh3 Rd7 19.Rxh7 Rxg2 20.Rg1 e5 21.Qd1 Rxg1 22.Qxg1 Kb8
23.Bg4 Rc7 24.Rh8+  1-0

[Event "4th Open C Women"]
[Site "Moscow RUS"]
[Date "2008.02.03"]
[Round "2"]
[White "Kostrikina,A"]
[Black "Shaidullina,S"]
[Result "1/2-1/2"]
[WhiteElo "2138"]
[BlackElo "2306"]

1.e4 c5 2.Nf3 Nc6 3.d4 cxd4 4.Nxd4 Nf6 5.Nc3 d6 6.Bg5 Bd7 7.Nb3 h6 8.Bxf6 gxf6
9.Qh5 Rg8 10.h3 a5 11.a4 f5 12.O-O-O Rc8 13.exf5 Rg5 14.Qh4 Rxf5 15.Bd3 Nb4  1/2-1/2

[Event "FSIMA February"]
[Site "Budapest HUN"]
[Date "2008.02.04"]
[Round "3"]
[White "Lengyel,B"]
[Black "Gara,A"]
[Result "0-1"]
[WhiteElo "2261"]
[BlackElo "2325"]

1.e4 c5 2.Nf3 d6 3.d4 cxd4 4.Nxd4 Nf6 5.Nc3 Nc6 6.Bg5 e6 7.Qd2 Be7 8.O-O-O Nxd4
9.Qxd4 O-O 10.Bc4 Qa5 11.h4 Bd7 12.Bd2 Qc7 13.Nb5 Bxb5 14.Bxb5 Rac8 15.c3 Qa5
16.Qa4 Qxa4 17.Bxa4 Nxe4 18.Be3 b6 19.Bc2 Nf6 20.Bg5 d5 21.h5 h6 22.Bxf6 Bxf6
23.Kb1 Rc4 24.f3 Rd8 25.Bd3 Rc5 26.g4 Bg5 27.a3 b5 28.Rh2 Kf8 29.Rc2 Rb8
30.Be2 Ke7 31.Rd4 Bf6 32.Rb4 a5 33.Rb3 Be5 34.Rd2 Kd7 35.Ka2 Kc7 36.Bd3 Bf4
37.Rd1 Rc4 38.Kb1 Kc6 39.Kc2 Bd6 40.Ra1 Rf4 41.a4 bxa4 42.Rxb8 Bxb8 43.Be2 Bd6
44.c4 dxc4 45.Rxa4 Bb4 46.b3 c3 47.Ra1 e5 48.Bd3 Kc5 49.Be4 Kd4 50.Re1 Rf6
51.Bb7 Rf4 52.Be4 g6 53.Rd1+ Ke3 54.Rd3+ Kf2  0-1

[Event "Velammal 45th National A ch-IND"]
[Site "Chennai IND"]
[Date "2008.02.04"]
[Round "2"]
[White "Konguvel,P"]
[Black "Shashikant,K"]
[Result "1/2-1/2"]
[WhiteElo "2394"]
[BlackElo "2316"]

1.e4 c5 2.Nf3 d6 3.d4 cxd4 4.Nxd4 Nf6 5.Nc3 Nc6 6.Bg5 e6 7.Qd2 a6 8.O-O-O Bd7
9.Nxc6 Bxc6 10.Qe1 Be7 11.e5 Nd5 12.Bxe7 Qxe7 13.Nxd5 Bxd5 14.c4 Rc8 15.Kb1 Bxc4
16.Rc1 d5 17.b3 b5 18.bxc4 bxc4 19.Ka1 O-O 20.Be2 Rb8 21.Qc3 Rb4 22.Rb1 a5
23.Rb2 Qc5 24.Rhb1 Qxf2 25.Bf3 Rxb2 26.Qxb2 Qe3 27.Rc1 Rc8 28.Qc3 Qc5  1/2-1/2

[Event "Velammal 45th National A ch-IND"]
[Site "Chennai IND"]
[Date "2008.02.07"]
[Round "5"]
[White "Konguvel,P"]
[Black "Karthikeyan,P"]
[Result "1/2-1/2"]
[WhiteElo "2394"]
[BlackElo "2327"]

1.e4 c5 2.Nf3 d6 3.d4 cxd4 4.Nxd4 Nf6 5.Nc3 Nc6 6.Bg5 e6 7.Qd2 Be7 8.O-O-O O-O
9.Nb3 Qb6 10.f3 Rd8 11.Nb5 Rd7 12.Qe1 a6 13.N5d4 Qc7 14.g4 b5 15.Nxc6 Qxc6
16.Nd4 Qc7 17.Bd2 Bb7 18.g5 Ne8 19.h4 Rc8 20.Kb1 d5 21.e5 Bc5 22.Ba5 Bb6
23.Bxb6 Qxb6 24.h5 g6 25.Qh4 Kf8 26.Qf4 Kg8 27.Qh4 Kf8 28.Qf4 Kg8 29.Bd3 Rc4
30.Bxc4 dxc4 31.c3 Bd5 32.Nc2 a5 33.Ne3 b4 34.cxb4 Qxb4 35.hxg6 fxg6 36.Nxd5 exd5
37.Qd4 Nc7 38.e6 Re7 39.Rhe1 Nb5 40.Qe5 d4 41.Ka1 a4 42.Rh1 Rb7 43.Rxd4 Nxd4
44.Qxd4 a3 45.Qd8+ Kg7 46.Qf6+ Kg8 47.bxa3 Qd2 48.e7 Rxe7 49.Qxe7 Qc3+ 50.Kb1 Qd3+
51.Kb2 Qd2+ 52.Kb1 Qd3+ 53.Kb2 Qd2+ 54.Kb1 Qd3+  1/2-1/2

[Event "Velammal 45th National A ch-IND"]
[Site "Chennai IND"]
[Date "2008.02.09"]
[Round "7"]
[White "Neelotpal,D"]
[Black "Karthikeyan,P"]
[Result "1-0"]
[WhiteElo "2486"]
[BlackElo "2327"]

1.e4 c5 2.Nf3 d6 3.d4 cxd4 4.Nxd4 Nf6 5.Nc3 Nc6 6.Bg5 e6 7.Qd2 Be7 8.O-O-O O-O
9.f4 Nxd4 10.Qxd4 Qa5 11.h4 e5 12.Qe3 exf4 13.Bxf4 Be6 14.Bxd6 Bxd6 15.Rxd6 Rac8
16.a3 Rxc3 17.Qxc3 Qxc3 18.bxc3 Nxe4 19.Rd4 Nxc3 20.g4 Rc8 21.a4 Kf8 22.Kb2 Rc5
23.Rh3 Nd5 24.Bc4 Nb6 25.Bxe6 fxe6 26.Rd8+ Ke7 27.Rb8 Nc4+ 28.Kb3 Na5+ 29.Kb2 Nc4+
30.Kc3 Na5+ 31.Kd3 Rd5+ 32.Kc3 Rc5+ 33.Kb4 b6 34.Ra8 Rc4+ 35.Kb5 Rc7 36.Rf3 Rc5+
37.Ka6 Nc6 38.Rg8 g6 39.Rg7+ Kd6 40.c3 Rc4 41.Rd3+ Ke5 42.Kb7 Na5+ 43.Kxa7 Rxg4
44.Kxb6 Nc4+ 45.Kc7 Rxh4 46.Rgd7 Nb2 47.R7d4 Rh2 48.Re3+ Kf5 49.a5 e5 50.Rf3+ Ke6
51.Rd6+ Ke7 52.Rd7+ Ke6 53.Rd6+ Ke7 54.Rff6  1-0

[Event "4th Open C Women"]
[Site "Moscow RUS"]
[Date "2008.02.09"]
[Round "8"]
[White "Yanjindulam,D"]
[Black "Shaidullina,S"]
[Result "0-1"]
[WhiteElo "2256"]
[BlackElo "2306"]

1.e4 c5 2.Nf3 Nc6 3.d4 cxd4 4.Nxd4 Nf6 5.Nc3 d6 6.Bg5 e6 7.Qd2 a6 8.O-O-O h6
9.Bf4 Bd7 10.Nb3 e5 11.Be3 Ng4 12.Nd5 Nxe3 13.Qxe3 Rc8 14.Nb6 Be7 15.Nxc8 Bxc8
16.h4 Bxh4 17.Rxh4 Qxh4 18.Rxd6 Qg5 19.Qxg5 hxg5 20.c3 Ke7 21.Rd1 Rh4 22.Nc5 g6
23.b4 f5 24.Bc4 Rh2 25.Bd5 f4 26.Rg1 Nd8 27.a4 b6 28.Nd3 Kf6 29.Kd2 Bd7 30.a5 bxa5
31.bxa5 g4 32.Ke2 Ne6 33.Bc4 Bc6 34.Bxa6 Bxe4 35.g3 Bf3+ 36.Ke1 fxg3 37.Rxg3 Rh1+
38.Kd2 Ra1 39.Bc4 Ng5 40.Nc5 Rxa5 41.Nd7+ Ke7 42.Ke3 Kxd7 43.Rg1 Rc5 44.Bd3 e4  0-1

[Event "4th Open C Women"]
[Site "Moscow RUS"]
[Date "2008.02.09"]
[Round "8"]
[White "Semenova,Ir"]
[Black "Gvetadze,Sopi"]
[Result "0-1"]
[WhiteElo "2270"]
[BlackElo "2352"]

1.e4 c5 2.Nf3 d6 3.d4 cxd4 4.Nxd4 Nf6 5.Nc3 Nc6 6.Bg5 e6 7.Qd2 Be7 8.O-O-O O-O
9.f3 a6 10.h4 Qc7 11.g4 Rd8 12.Qf2 Nxd4 13.Rxd4 b5 14.Kb1 b4 15.Ne2 Rb8 16.Nc1 a5
17.Qe1 e5 18.Rd2 a4 19.Bxf6 Bxf6 20.g5 Be7 21.Qe3 Be6 22.Bh3 Bc4 23.b3 Be6
24.f4 exf4 25.Qxf4 a3 26.Ne2 Qc5 27.Rd3 Rbc8 28.Nd4 Rf8 29.Qd2 Bxh3 30.Rhxh3 f6
31.g6 hxg6 32.Rdg3 f5 33.c4 fxe4 34.Rh1 Bf6 35.Nc2 Qe5 36.Qd5+ Qxd5 37.cxd5 Bxh4
38.Rg4 Rf2 39.Rc1 Bf6 40.Rxe4 Bb2 41.Rh1 Rcxc2 42.Rh8+ Kf7 43.Rf8+ Kxf8 44.Re8+ Kf7
45.Rf8+ Ke7 46.Re8+ Kf6 47.Re6+ Kf5 48.Rf6+ Ke4 49.Re6+ Be5  0-1

[Event "KNSB TCh-NED 2007-8"]
[Site "Netherlands NED"]
[Date "2008.02.09"]
[Round "6"]
[White "Burg,T"]
[Black "Brandenburg,D"]
[Result "1-0"]
[WhiteElo "2262"]
[BlackElo "2475"]

1.e4 c5 2.Nf3 d6 3.d4 cxd4 4.Nxd4 Nf6 5.Nc3 Nc6 6.Bg5 e6 7.Qd2 a6 8.O-O-O Bd7
9.f3 Be7 10.Kb1 b5 11.Nxc6 Bxc6 12.h4 Rc8 13.Ne2 O-O 14.Nd4 Bb7 15.g4 Nd7
16.Be3 d5 17.f4 e5 18.fxe5 Nxe5 19.Qe2 dxe4 20.Ne6 Qe8 21.Nxf8 Bxf8 22.Bg2 Nf3
23.g5 Bc6 24.Bb6 Qe7 25.Qf2 f5 26.gxf6 Qxf6 27.h5 Bd6 28.Bxf3 exf3 29.Bd4 Be5
30.Bxe5 Qxe5 31.h6 Be4 32.Rd2 gxh6 33.Re1 Re8 34.Ka1 Qf6 35.Qg3+ Kh8 36.a3 Rg8
37.Qh3 Qf4 38.Rf2 Rg4 39.Qh5 Kg7 40.Qc5 Qf6 41.Rd2 Bg6 42.Rd6 f2 43.Rf1 Rg1
44.Rd7+ Bf7 45.Rxg1+ fxg1=Q+ 46.Qxg1+ Kf8 47.Qc5+ Kg7 48.Qg1+ Kf8 49.Kb1 Ba2+
50.Kc1 Bf7 51.Rd2 Qe5 52.Qd4 Qxd4 53.Rxd4 Ke7 54.Kd2 h5 55.Ke3 Bg6 56.c4 bxc4
57.Rxc4 Be8 58.Rc7+ Kd6 59.Rxh7 Kd5 60.Rh8 Bd7 61.Rxh5+ Kc4 62.Kd2 Kb3 63.Kc1 Kc4
64.Rh4+ Kc5 65.Kd2 a5 66.b4+ axb4 67.axb4+ Kb5 68.Kc3 Kb6 69.Rh5 Be8 70.Re5 Bc6
71.Kc4 Bg2 72.b5 Bf1+ 73.Kb4 Kb7 74.Kc5 Kc7 75.Re7+ Kc8 76.Kb6 Bd3 77.Re8+ Kd7
78.Rb8  1-0

[Event "Velammal 45th National A ch-IND"]
[Site "Chennai IND"]
[Date "2008.02.10"]
[Round "8"]
[White "Sethuraman,S"]
[Black "Bakre,T"]
[Result "1-0"]
[WhiteElo "2424"]
[BlackElo "2459"]

1.e4 c5 2.Nf3 d6 3.d4 cxd4 4.Nxd4 Nf6 5.Nc3 Nc6 6.Bg5 e6 7.Qd2 a6 8.O-O-O Be7
9.f3 Nxd4 10.Qxd4 Qc7 11.h4 b5 12.Kb1 Bb7 13.g4 b4 14.Qxb4 d5 15.Qb3 dxe4
16.Bf4 Qc8 17.g5 Nh5 18.Bd6 Bxd6 19.Rxd6 exf3 20.Qa4+ Kf8 21.Bh3 Qc5 22.Rhd1 g6
23.Ne4 Qb5 24.Qa3 Kg7 25.Qc3+ e5 26.a4 Qe8 27.Nf6  1-0

[Event "Velammal 45th National A ch-IND"]
[Site "Chennai IND"]
[Date "2008.02.12"]
[Round "10"]
[White "Deepan,C"]
[Black "Shashikant,K"]
[Result "1/2-1/2"]
[WhiteElo "2491"]
[BlackElo "2316"]

1.e4 c5 2.Nf3 d6 3.d4 cxd4 4.Nxd4 Nf6 5.Nc3 Nc6 6.Bg5 e6 7.Qd2 a6 8.O-O-O Bd7
9.f4 h6 10.Bh4 g5 11.fxg5 Ng4 12.Nxc6 Bxc6 13.Be2 Ne5 14.g3 Ng6 15.Kb1 Qa5
16.Rdf1 Bg7 17.gxh6 Bxc3 18.bxc3 Nxh4 19.gxh4 Bxe4 20.Qf4 Bf5 21.Bd3 O-O-O
22.Bxf5 Qxf5 23.Qxf5 exf5 24.Rxf5 Rxh6 25.Rxf7 Rxh4 26.h3 Rdh8 27.Rf3 R8h5
28.Rg1 Rxh3  1/2-1/2

[Event "10th TCh-Euro sen"]
[Site "Dresden GER"]
[Date "2008.02.15"]
[Round "5"]
[White "Seuss,O"]
[Black "Kania,Andrz"]
[Result "1-0"]
[WhiteElo "2170"]
[BlackElo "2059"]

1.e4 c5 2.Nf3 Nc6 3.d4 cxd4 4.Nxd4 d6 5.Nc3 Nf6 6.Bg5 a6 7.Qd2 e6 8.O-O-O Be7
9.Nb3 h6 10.Bxf6 Bxf6 11.Qxd6 Bg5+ 12.Kb1 Qxd6 13.Rxd6 O-O 14.g3 Be7 15.Rd1 b5
16.Bg2 Ne5 17.h3 Bb4 18.Ne2 Ra7 19.f4 Nc4 20.Rd3 Rc7 21.c3 Be7 22.Rhd1 Bb7
23.Bf3 b4 24.e5 a5 25.Bxb7 Rxb7 26.Rd7 Rfb8 27.Rxb7 Rxb7 28.Rd4 Rc7 29.Nd2 Ne3
30.Re4 Rd7 31.Kc1 bxc3 32.Nxc3 Bc5 33.Nb3 Bb6 34.Nxa5 Nf1 35.Nc4 Ba7 36.g4 Rd3
37.Re1 Rf3 38.Ne2 Kf8 39.b4 Ng3 40.b5 Bf2 41.b6 Bxe1 42.b7 Nxe2+ 43.Kb1 Nc3+
44.Kc2  1-0

[Event "XXIV Open"]
[Site "Cappelle La Grande FRA"]
[Date "2008.02.20"]
[Round "6"]
[White "Kochetkova,J"]
[Black "Mamedov,Nid"]
[Result "0-1"]
[WhiteElo "2314"]
[BlackElo "2574"]

1.e4 c5 2.Nf3 Nc6 3.d4 cxd4 4.Nxd4 Nf6 5.Nc3 d6 6.Bg5 e6 7.Qd2 Qb6 8.Nb3 a6
9.O-O-O Be7 10.f3 O-O 11.g4 Rd8 12.Be3 Qc7 13.Qf2 Nd7 14.h4 b5 15.g5 Nce5
16.Kb1 Bb7 17.h5 Rac8 18.g6 hxg6 19.hxg6 Nxg6 20.Qh2 Bf6 21.Nd4 b4 22.Nce2 e5
23.Ng3 exd4 24.Bc4 Qxc4 25.Qh7+ Kf8 26.Nf5 Qxc2+ 27.Ka1 Ne7 28.Qh8+ Ng8 29.Bg5 d3
30.Bxf6 Nxf6 31.Qxg7+ Ke8 32.e5 d2 33.Qg5 dxe5  0-1

[Event "FSIM March"]
[Site "Budapest HUN"]
[Date "2008.03.03"]
[Round "2"]
[White "To,N"]
[Black "Llaneza Vega,P"]
[Result "1-0"]
[WhiteElo "2293"]
[BlackElo "2281"]

1.e4 c5 2.Nf3 Nc6 3.d4 cxd4 4.Nxd4 Nf6 5.Nc3 d6 6.Bg5 e6 7.Qd2 Be7 8.O-O-O Nxd4
9.Qxd4 O-O 10.f4 h6 11.Bh4 Qa5 12.Bc4 e5 13.Qd2 exf4 14.Bf2 Bg4 15.Rde1 Be6
16.Bd5 Ng4 17.Bd4 Bh4 18.Re2 Bxd5 19.exd5 Bg5 20.h4 f3 21.hxg5 fxe2 22.Qxe2 Ne5
23.gxh6 Qd8 24.Ne4 f6 25.hxg7 Kxg7 26.Bxe5 dxe5 27.Qg4+  1-0

[Event "Cvijet Mediterana"]
[Site "Rijeka CRO"]
[Date "2008.03.04"]
[Round "5"]
[White "Ionica,I"]
[Black "Berke,A"]
[Result "1-0"]
[WhiteElo "2251"]
[BlackElo "2059"]

1.e4 c5 2.Nf3 d6 3.d4 Nf6 4.Nc3 cxd4 5.Nxd4 Nc6 6.Bg5 Bd7 7.Qd2 Rc8 8.Be2 h6
9.Bh4 Nxd4 10.Qxd4 Qa5 11.O-O e5 12.Qd3 g5 13.Bg3 a6 14.Kh1 Be7 15.f3 b5
16.a3 Be6 17.Bf2 O-O 18.Be3 Nd7 19.Qd2 Qd8 20.a4 b4 21.Nd5 Bxd5 22.exd5 a5
23.Bb5 Nc5 24.Rfd1 f5 25.Bc6 Nd7 26.Qe2 Nf6 27.Qa6 Nd7 28.Qa7 Nc5 29.Bxc5 dxc5
30.d6 Bxd6 31.Bd7 Ra8 32.Qb7 Rf6 33.Bxf5 Rxf5 34.Rxd6 Qxd6 35.Qxa8+ Rf8 36.Qxa5 Rd8
37.h3 Qd5 38.Qb6 Rd6 39.Qb8+ Rd8 40.Qc7 Rd7 41.Qc8+ Kg7 42.a5 Qd6 43.a6 Ra7
44.Ra5 e4 45.fxe4 Qf4 46.Qf5 Qxf5 47.exf5 Kf6 48.g4 h5 49.Kg2 h4 50.Kf3 Ke7
51.Ke4 Kd6 52.Kd3 Kd5 53.f6 Ke6 54.Rxc5 Rxa6 55.Rf5 Kf7 56.Rxg5 Kxf6 57.Rh5 Rd6+
58.Kc4 Rd2 59.Kb3 Rh2 60.Rxh4 Ke5 61.Rh5+ Kf4 62.c4  1-0

[Event "Cvijet Mediterana"]
[Site "Rijeka CRO"]
[Date "2008.03.06"]
[Round "9"]
[White "Jelica,M"]
[Black "Berke,A"]
[Result "1-0"]
[WhiteElo "2163"]
[BlackElo "2059"]

1.e4 c5 2.Nf3 d6 3.d4 cxd4 4.Nxd4 Nf6 5.Nc3 Nc6 6.Bg5 Bd7 7.Qd2 Rc8 8.Be2 Nxd4
9.Qxd4 Qa5 10.Be3 a6 11.O-O e5 12.Qd3 Be7 13.Bg5 O-O 14.Bxf6 Bxf6 15.Qxd6 Rfd8
16.Qd3 Be6 17.Qe3 h6 18.Bd3 b5 19.a3 Bg5 20.Qe2 b4 21.axb4 Qxb4 22.Rfb1 a5
23.Ra4 Qb6 24.Nd5 Bxd5 25.exd5 Rxd5 26.Qe4 Rdc5 27.b4 axb4 28.Qh7+ Kf8 29.Raxb4 Qd6
30.Qh8+ Ke7 31.Qxg7 R5c7 32.h4 Qf6 33.Qxf6+ Bxf6 34.g3 Rd8 35.Kg2 Rd4 36.Rb6 Rd6
37.Kf3 Rcd7 38.Bf5 Rxb6 39.Rxb6 Rd6 40.Rxd6 Kxd6 41.Kg4 Bd8 42.Kh5 Bb6 43.Kxh6 Bxf2
44.Kg7 Bxg3 45.h5 e4 46.Bxe4 Ke5 47.Bd3 f5 48.c4 Kd4 49.Bf1 f4 50.h6 f3 51.h7 Ke3
52.c5 Kd4 53.c6 Kd5 54.h8=Q Be5+ 55.Kf7 Bxh8 56.c7  1-0

[Event "KNSB TCh-NED 2007-8"]
[Site "Netherlands NED"]
[Date "2008.03.08"]
[Round "7"]
[White "Van Beek,Al"]
[Black "Nijboer,F"]
[Result "1/2-1/2"]
[WhiteElo "2334"]
[BlackElo "2578"]

1.e4 c5 2.Nf3 Nc6 3.d4 cxd4 4.Nxd4 Nf6 5.Nc3 d6 6.Bg5 e6 7.Qd2 a6 8.O-O-O Bd7
9.f3 h6 10.Be3 b5 11.Nxc6 Bxc6 12.Ne2 Qc7 13.Nd4 Bb7 14.Bd3 e5 15.Nb3 Be7
16.Rhe1 Rc8 17.Qf2 O-O 18.Kb1 Bc6 19.g4 d5 20.Bb6 Qb8 21.Bc5 Bxc5 22.Nxc5 Qa7
23.Qg1 Ba8 24.b4 dxe4 25.Bxe4 a5  1/2-1/2

[Event "Cvijet Mediterana"]
[Site "Rijeka CRO"]
[Date "2008.03.08"]
[Round "11"]
[White "Jelica,M"]
[Black "Maisuradze,N"]
[Result "0-1"]
[WhiteElo "2163"]
[BlackElo "2270"]

1.e4 c5 2.Nf3 Nc6 3.d4 cxd4 4.Nxd4 Nf6 5.Nc3 d6 6.Bg5 e6 7.Qd3 Qb6 8.O-O-O Nxd4
9.Qxd4 Qxd4 10.Rxd4 a6 11.Be2 Be7 12.Rhd1 Bd7 13.f4 Bc6 14.Bf3 Rc8 15.Bxf6 gxf6
16.f5 Rg8 17.h4 Rd8 18.a4 Bf8 19.b4 Bh6+ 20.Kb1 Bf4 21.b5 axb5 22.axb5 Bd7
23.Rxd6 Bxd6 24.Rxd6 Bc8 25.Rxd8+ Kxd8 26.g4 Kc7 27.Be2 Kd6 28.Kb2 Ke5 29.Kb3 h5
30.gxh5 exf5 31.exf5 Bxf5 32.Na4 Bg4 33.Bf1 Bxh5 34.Nc5 Bf3 35.c4 f5 36.Nd3+ Kd4
37.Nf4 Rg4 38.Nh3 Bg2 39.Bxg2 Rxg2 40.Ng5 f4 41.Nf3+ Ke4 42.Ng5+ Rxg5 43.hxg5 f3
44.c5 f2 45.c6 f1=Q  0-1

[Event "TCh-AUT 1st Bundesliga 2007-8"]
[Site "Graz AUT"]
[Date "2008.03.13"]
[Round "8"]
[White "Ertl,J"]
[Black "Genser,H"]
[Result "1-0"]
[WhiteElo "2234"]
[BlackElo "2351"]

1.e4 c5 2.Nf3 d6 3.d4 cxd4 4.Nxd4 Nf6 5.Nc3 Nc6 6.Bg5 e6 7.Qd2 a6 8.O-O-O Qb6
9.Nb3 Be7 10.f3 O-O 11.g4 Qc7 12.Bxf6 Bxf6 13.Qxd6 Qxd6 14.Rxd6 Ne5 15.Be2 g5
16.Na4 Be7 17.Rdd1 b5 18.Nac5 Ra7 19.Nd3 Ng6 20.Na5 Rc7 21.Kb1 f5 22.Rhf1 Kg7
23.Rc1 Bd6 24.h3 Bd7 25.c4 Bf4 26.Rc2 Be3 27.c5 Bc8 28.exf5 exf5 29.Nb3 Bb7
30.Na5 Bc8 31.a4 Be6 32.Nb4 Ra8 33.c6 Ne5 34.axb5 axb5 35.Nb7 Bc4 36.Nd6 Rca7
37.Nxf5+ Kg6 38.Rxc4 bxc4 39.Nxe3 Ra4 40.Ned5 R4a5 41.c7  1-0

[Event "GM"]
[Site "Beer Sheva ISR"]
[Date "2008.03.14"]
[Round "1"]
[White "Haimovich,T"]
[Black "Tseitlin,Ma"]
[Result "1-0"]
[WhiteElo "2447"]
[BlackElo "2502"]

1.e4 c5 2.Nf3 d6 3.d4 cxd4 4.Nxd4 Nf6 5.Nc3 Nc6 6.Bg5 e6 7.Qd2 a6 8.O-O-O h6
9.Be3 Nxd4 10.Bxd4 b5 11.f3 Bb7 12.Kb1 Rc8 13.Bd3 Nd7 14.Rhe1 Nc5 15.Ne2 Qc7
16.Nc1 e5 17.Bf2 Be7 18.Bf1 O-O 19.Nd3 Na4 20.h4 Rfd8 21.g4 d5 22.g5 dxe4
23.fxe4 hxg5 24.Bh3 Rb8 25.hxg5 g6 26.Bg3 Bd6 27.Qh2 Kg7 28.Nxe5 Nxb2 29.Kxb2 Re8
30.Rxd6 Qxd6 31.Nd3 Qd4+ 32.Kb1 Rbd8 33.Be5+ Rxe5 34.Qxe5+ Qxe5 35.Nxe5 Re8
36.Nd3 Rxe4 37.Rxe4 Bxe4 38.Nc5 Bc6 39.Nxa6 f6 40.Nb4 Be8 41.gxf6+ Kxf6 42.Kb2 Ke5
43.Kc3 Kf4 44.Kd4 g5 45.Nd5+ Kf3 46.Be6 Bg6 47.c3 g4 48.Ne3 g3 49.Bd5+ Ke2
50.Bc6 Bd3 51.a3 Kd2 52.Bf3 Be2 53.Be4 Kc1 54.Nf5 Kb2 55.Nxg3 Bc4 56.Bd3 Bxd3
57.Kxd3 Kxa3 58.Ne4 b4 59.c4  1-0

[Event "TCh-AUT 1st Bundesliga 2007-8"]
[Site "Graz AUT"]
[Date "2008.03.14"]
[Round "9"]
[White "Korneev,O"]
[Black "Likavsky,T"]
[Result "1/2-1/2"]
[WhiteElo "2645"]
[BlackElo "2494"]

1.e4 c5 2.Nf3 d6 3.d4 cxd4 4.Nxd4 Nf6 5.Nc3 Nc6 6.Bg5 e6 7.Qd2 a6 8.O-O-O Be7
9.Bxf6 gxf6 10.f4 Qb6 11.Nf3 Bd7 12.Kb1 O-O-O 13.f5 Ne5 14.Ne2 d5 15.exd5 Bc6
16.Nxe5 fxe5 17.Qc3 Qc7 18.Qh3 Rxd5 19.Re1 Bb4 20.Nc3 Rc5 21.fxe6 fxe6 22.Ne4 Rxc2
23.Bd3 Bxe1 24.Bxc2 Ba5 25.Qxe6+ Kb8 26.Rf1 Re8 27.Qf7 Rd8 28.Qxc7+ Kxc7
29.Rf7+ Rd7 30.Rxd7+ Kxd7 31.Kc1 h6 32.Kd1 Bb6  1/2-1/2

[Event "ch-Siberia"]
[Site "Novokuznetsk RUS"]
[Date "2008.03.15"]
[Round "3"]
[White "Konev,K"]
[Black "Sultimov,B"]
[Result "0-1"]
[WhiteElo "2194"]
[BlackElo "2292"]

1.e4 c5 2.Nf3 d6 3.d4 cxd4 4.Nxd4 Nf6 5.Nc3 Nc6 6.Bg5 Qb6 7.Nb3 e6 8.Qd2 Be7
9.f3 O-O 10.O-O-O a6 11.h4 Rd8 12.Be3 Qc7 13.Qf2 Nd7 14.g4 b5 15.g5 Rb8 16.h5 Nce5
17.g6 fxg6 18.hxg6 Nxg6 19.Bh3 Nb6 20.Nd4 Nf8 21.Rdg1 Bf6 22.Bg5 Bxg5+ 23.Rxg5 Rb7
24.Qh4 Re8 25.Rhg1 Qc4 26.e5 dxe5 27.Ne4 Nd5 28.Nb3 Ree7 29.Na5 Qxa2 30.Nxb7 Bxb7
31.Nd2 Nf4 32.Bf1 Rd7 33.Qe1 N8g6 34.Rxe5 Bxf3 35.Re2 Rc7 36.Rxe6 Nxe6 37.Nxf3 Qb3
38.Bd3 Ngf4 39.Bf5 Qxf3 40.Bxe6+ Kh8 41.Kb1 Re7 42.Qe5 Nxe6 43.Re1 Qc6  0-1

[Event "ch-DEN"]
[Site "Silkeborg DEN"]
[Date "2008.03.15"]
[Round "1"]
[White "Kristensen,Kaa"]
[Black "Rasmussen,Kar"]
[Result "1/2-1/2"]
[WhiteElo "2325"]
[BlackElo "2505"]

1.e4 c5 2.Nf3 Nc6 3.d4 cxd4 4.Nxd4 Nf6 5.Nc3 d6 6.Bg5 e6 7.Qd2 a6 8.O-O-O Be7
9.f4 Nxd4 10.Qxd4 b5 11.Bxf6 gxf6 12.Be2 Bb7 13.f5 Rc8 14.Kb1 Qc7 15.fxe6 fxe6
16.Bg4 Kf7 17.Bh5+ Kg7 18.e5 Rhd8 19.Qg4+ Kh8 20.Bf7 dxe5 21.Bxe6 b4 22.Rxd8+ Rxd8
23.Ne4 Bc8 24.Re1 Bxe6 25.Qxe6 Qd7 26.Qxd7 Rxd7 27.g4 Kg7 28.c3 Kg6 29.Kc2 h5
30.h3 a5 31.Re2 bxc3 32.bxc3 a4 33.c4 h4 34.Rd2 Rc7 35.Kd3 f5 36.gxf5+ Kxf5
37.Rf2+ Ke6 38.Nc3 Bc5 39.Rg2 Rf7 40.Rg6+ Kf5 41.Rg4 Rd7+ 42.Kc2 Bf2 43.Ne4 Be3
44.Rxh4 Bf4 45.Nc5 Rd2+ 46.Kc3 Rxa2 47.Rh5+ Kg6 48.Rh8 Be3 49.Nd7 Bd4+ 50.Kb4 e4
51.Re8 e3 52.Ne5+ Bxe5 53.Rxe5 e2 54.c5 Kf6 55.Re8 Rc2 56.Kxa4  1/2-1/2

[Event "V U20 Int"]
[Site "Los Llanos de Aridane ESP"]
[Date "2008.03.16"]
[Round "2"]
[White "Fernandez Romero,Ern"]
[Black "Matnadze,A"]
[Result "1-0"]
[WhiteElo "2462"]
[BlackElo "2385"]

1.e4 c5 2.Nf3 d6 3.d4 cxd4 4.Nxd4 Nf6 5.Nc3 Nc6 6.Bg5 e6 7.Qd2 Qb6 8.Nb3 a6
9.O-O-O Be7 10.f3 O-O 11.h4 Rd8 12.Be3 Qc7 13.Qf2 Nd7 14.g4 b5 15.Kb1 Na5
16.g5 Nc4 17.Bxc4 Qxc4 18.h5 b4 19.Ne2 a5 20.g6 a4 21.gxf7+ Kxf7 22.Nbc1 e5
23.b3 Qc6 24.Nd3 Qb5 25.Bc1 Nf6 26.Bb2 Be6 27.Qg2 Rdc8 28.Nec1 Qb7 29.Rde1 axb3
30.axb3 Ne8 31.Rhg1 Ra5 32.Qd2 Rca8 33.Nxb4 d5 34.exd5 Bxb4 35.dxe6+ Kxe6
36.c3 Ba3 37.Rg5 Bxb2 38.Qxb2 Qxf3 39.Qd2 Nf6 40.Rxg7 Rd5 41.Qc2 e4 42.Ne2 Rda5
43.Nc1 Rxh5 44.b4 Rd5 45.Nb3 Rc8 46.Kb2 h5 47.Rg5 Rxc3 48.Nd4+ Rxd4 49.Qxc3 Qf2+
50.Kb1 Kf7 51.Reg1 Ng4 52.Qc7+ Kf6 53.Qg7+ Ke6 54.Rg6+ Kd5 55.Qg8+ Ke5 56.Qe6+ Kf4
57.R1xg4+ hxg4 58.Rxg4+ Ke3 59.Qh6+  1-0

[Event "V Int"]
[Site "Los Llanos de Aridane ESP"]
[Date "2008.03.17"]
[Round "4"]
[White "Cabrera Trujillo,J"]
[Black "Guramishvili,S"]
[Result "1/2-1/2"]
[WhiteElo "2320"]
[BlackElo "2300"]

1.e4 c5 2.Nf3 d6 3.d4 cxd4 4.Nxd4 Nf6 5.Nc3 Nc6 6.Bg5 e6 7.Qd2 Qb6 8.Bxf6 gxf6
9.Nb3 a6 10.O-O-O Rg8 11.f4 Bd7 12.Kb1 O-O-O 13.g3 h5 14.Be2 h4 15.g4 Be8
16.Qe1 Rh8 17.Rf1 Ne7 18.Rf3 Ng6 19.f5 Ne5 20.Rh3 Kb8 21.a3 Rc8 22.Na2 Bc6
23.Rd4 d5 24.Nb4 a5 25.Nxc6+ Nxc6 26.Ra4 dxe4 27.Nxa5 Nd4 28.Nb3 Nxc2 29.Qa5 Qxa5
30.Nxa5 e5 31.Rb3 Rc7 32.Rc4 Nd4 33.Rxc7 Kxc7 34.Rxb7+ Kd8 35.Rb8+ Kc7 36.Rb7+ Kd8
37.Ba6 e3 38.Rb8+ Kc7 39.Rb7+ Kd8 40.Rb8+ Kc7 41.Rb7+  1/2-1/2

[Event "ch-Siberia"]
[Site "Novokuznetsk RUS"]
[Date "2008.03.19"]
[Round "7"]
[White "Belozerov,A"]
[Black "Odinaev,T"]
[Result "1-0"]
[WhiteElo "2538"]
[BlackElo "2267"]

1.e4 c5 2.Nf3 Nc6 3.d4 cxd4 4.Nxd4 Nf6 5.Nc3 d6 6.Bg5 Bd7 7.Bc4 Rc8 8.O-O a6
9.Bxf6 gxf6 10.Qh5 Ne5 11.Be6 Qb6 12.Bxd7+ Nxd7 13.Nb3 e6 14.Kh1 Rg8 15.f4 Rg6
16.Rad1 Rh6 17.Qe2 Be7 18.Rd3 Kf8 19.Qd2 Kg8 20.f5 Rh5 21.Nd4 Nf8 22.b3 Kh8
23.Nce2 Rh4 24.fxe6 fxe6 25.Nf4 Rxf4 26.Qxf4 Qc5 27.Qh6 Qe5 28.Rg3 f5 29.exf5 Qxd4
30.f6 Bxf6 31.Qxf6+ Qxf6 32.Rxf6 d5 33.Kg1 e5 34.c3 Ng6 35.Re3 Kg7 36.Rd6 d4
37.cxd4 Rc1+ 38.Kf2 Rc2+ 39.Re2  1-0

[Event "SCT Ladies Open"]
[Site "Stockholm SWE"]
[Date "2008.03.20"]
[Round "1"]
[White "Agrest,I"]
[Black "Melia,S"]
[Result "0-1"]
[WhiteElo "2168"]
[BlackElo "2362"]

1.e4 c5 2.Nf3 d6 3.d4 cxd4 4.Nxd4 Nf6 5.Nc3 Nc6 6.Bg5 e6 7.Qd2 Qb6 8.Nb3 Be7
9.O-O-O O-O 10.f3 a6 11.g4 Rd8 12.Be3 Qc7 13.Qf2 Nd7 14.g5 b5 15.f4 b4 16.Na4 Rb8
17.Bh3 Qb7 18.Nd2 Qb5 19.b3 d5 20.exd5 exd5 21.Nf3 Bf8 22.Bf1 Qa5 23.g6 hxg6
24.Ng5 Ne7 25.h4 Nf5 26.h5 gxh5 27.Rxh5 Nf6 28.Rh1 Ng4 29.Qg2 Ngxe3 30.Qh3 Nh6
31.Qxe3 Qc7 32.Bd3 Bd6 33.Rdf1 Bf5 34.Kb1 Qd7 35.Qg3 Bxd3 36.cxd3 Qg4 37.Qh2 Re8
38.Rf2 Re3 39.Rc1 Qf5 40.Ne4 dxe4 41.Rg2 Bxf4 42.Rxg7+ Kf8 43.Qg2 exd3  0-1

[Event "15th Belisce Metalis Open"]
[Site "Bizovac CRO"]
[Date "2008.03.21"]
[Round "2"]
[White "Ivankovic,S"]
[Black "Feletar,D"]
[Result "0-1"]
[WhiteElo "2108"]
[BlackElo "2370"]

1.e4 c5 2.Nf3 d6 3.d4 cxd4 4.Nxd4 Nf6 5.Nc3 Nc6 6.Bg5 Bd7 7.Be2 Qa5 8.Bxf6 gxf6
9.Qd2 Nxd4 10.Qxd4 Rc8 11.O-O Qc5 12.Qxc5 Rxc5 13.Bd3 Bg7 14.Ne2 f5 15.exf5 Bxf5
16.Bxf5 Rxf5 17.c3 Kd7 18.Rfd1 Rc8 19.Rd3 b5 20.a3 a5 21.g4 Rfc5 22.Ng3 Rc4
23.f3 b4 24.axb4 axb4 25.Ra7+ R8c7 26.Rxc7+ Rxc7 27.Ne4 bxc3 28.bxc3 h6 29.Kf2 Ke6
30.Re3 Be5 31.h4 f5 32.gxf5+ Kxf5 33.Ng3+ Kg6 34.Ne2 Rc4 35.Re4 Rc5 36.c4 Ra5
37.Nc1 Bf6 38.Nd3 Ra2+ 39.Kg3 Rd2 40.Rg4+ Kf7 41.Ne1 Bd4 42.Re4 h5 43.Ng2 Be5+
44.f4 Bd4 45.Ne3 Rd3 46.Kf3 Kf6 47.Ke2 Rxe3+ 48.Rxe3 Bxe3 49.Kxe3 Kf5 50.Kf3 e6
51.Ke3 Kg4 52.Ke4 Kxh4  0-1